Advanced Engineering Mathematics (Record no. 1154)
[ view plain ]
| 000 -LEADER | |
|---|---|
| fixed length control field | 00444nam a2200169Ia 4500 |
| 008 - FIXED-LENGTH DATA ELEMENTS--GENERAL INFORMATION | |
| fixed length control field | 221030s9999 xx 000 0 und d |
| 020 ## - INTERNATIONAL STANDARD BOOK NUMBER | |
| ISBN | 8173194203 |
| 041 ## - LANGUAGE CODE | |
| Language code of text/sound track or separate title | |
| 082 ## - DEWEY DECIMAL CLASSIFICATION NUMBER | |
| Classification number | 105.23 |
| Item number | Jai |
| 100 ## - MAIN ENTRY--AUTHOR NAME | |
| Personal name | R. K. Jain |
| 245 #0 - TITLE STATEMENT | |
| Title | Advanced Engineering Mathematics |
| Statement of responsibility, etc | by R. K. Jain, S. R. K. Iyenagar |
| 260 ## - PUBLICATION, DISTRIBUTION, ETC. (IMPRINT) | |
| Name of publisher | Narosa Pub. |
| Place of publication | New Delhi |
| Year of publication | 2002 |
| 300 ## - PHYSICAL DESCRIPTION | |
| Number of Pages | 985 |
| 650 ## - SUBJECT ADDED ENTRY--TOPICAL TERM | |
| Topical Term | BB Mathematics |
| 700 ## - ADDED ENTRY--PERSONAL NAME | |
| Personal name | S. R. K. Iyenagar |
| 942 ## - ADDED ENTRY ELEMENTS (KOHA) | |
| Koha item type | Books |
| Accession Number | Cost, normal purchase price | Full call number | Price effective from | Koha item type | Withdrawn / writtenoff status | Materials specified (bound volume or other part) | Damaged status | Not for loan | Permanent Location | Current Location | Shelving location | Date acquired | Lost/ Missing status | department |
|---|---|---|---|---|---|---|---|---|---|---|---|---|---|---|
| BB 13 | 395.00 | 105.23 Jai | 10/30/2022 | Books | MIET Library, Jammu | MIET Library, Jammu | BL-Second, FL-1, CUP-47, SH-2, R-2 | 06/18/2003 | BB | |||||
| BB 14 | 395.00 | 105.23 Jai | 10/30/2022 | Books | MIET Library, Jammu | MIET Library, Jammu | BL-Second, FL-1, CUP-47, SH-2, R-2 | 06/18/2003 | BB | |||||
| BE 4777 | 395.00 | 105.23 Jai | 10/30/2022 | Books | Not For Loan | MIET Library, Jammu | MIET Library, Jammu | BL-Second, FL-1, CUP-17, SH-4, R-4 | 01/23/2002 | BE | ||||
| BE 4788 | 395.00 | 105.23 Jai | 10/30/2022 | Books | MIET Library, Jammu | MIET Library, Jammu | BL-Academic Block C, FL-2, CUP-9, SH-2, R-2 | 03/16/2002 | BE | |||||
| BE 4789 | 395.00 | 105.23 Jai | 10/30/2022 | Books | MIET Library, Jammu | MIET Library, Jammu | BL-Academic Block- A, FL-1, CUP-3, SH-5, R-5 | 03/16/2002 | BE | |||||
| BE 4790 | 395.00 | 105.23 Jai | 10/30/2022 | Books | MIET Library, Jammu | MIET Library, Jammu | BL-, FL-, CUP-0, SH-0, R-0 | 03/16/2002 | BE | |||||
| BE 4791 | 395.00 | 105.23 Jai | 10/30/2022 | Books | MIET Library, Jammu | MIET Library, Jammu | BL-, FL-, CUP-0, SH-0, R-0 | 03/16/2002 | BE | |||||
| BE 4793 | 395.00 | 105.23 Jai | 10/30/2022 | Books | MIET Library, Jammu | MIET Library, Jammu | BL-First, FL-1, CUP-3, SH-5, R-5 | 03/16/2002 | BE | |||||
| BE 4792 | 395.00 | 105.23 Jai | 10/30/2022 | Books | MIET Library, Jammu | MIET Library, Jammu | BL-Academic Block C, FL-2, CUP-6, SH-5, R-5 | 03/16/2002 | BE |